| Tag |
First Indicator |
Second Indicator |
Subfields |
| LEADER |
00000cam a2200000 4500 |
| 001 |
in00000032811 |
| 005 |
20151007063226.0 |
| 008 |
740211s1962 nyu 00001 eng u |
| 010 |
|
|
|a 62012310
|
| 035 |
|
|
|a (OCoLC)00795524
|
| 035 |
|
|
|9 AAD6856AM
|
| 040 |
|
|
|c NTN
|d TXA
|d UtOrBLW
|
| 049 |
|
|
|a TXAM
|c [34128]
|
| 050 |
|
0 |
|a PZ3.C11993
|b Mf
|
| 090 |
|
|
|a PS3505.A3113
|b M54 1962
|
| 092 |
|
|
|a 813
|b C135mi
|
| 100 |
1 |
|
|a Cain, James M.
|q (James Mallahan),
|d 1892-1977.
|
| 245 |
1 |
0 |
|a Mignon.
|
| 264 |
|
1 |
|a New York :
|b Dial Press,
|c 1962.
|
| 300 |
|
|
|a 246 pages ;
|c 21 cm.
|
| 336 |
|
|
|a text
|b txt
|2 rdacontent
|
| 337 |
|
|
|a unmediated
|b n
|2 rdamedia
|
| 338 |
|
|
|a volume
|b nc
|2 rdacarrier
|
| 999 |
|
|
|a MARS
|
| 999 |
f |
f |
|s e9353a6f-5e95-3b01-b08d-e0c5b0167743
|i cd7af725-8219-3b72-b936-cf3e860abade
|t 0
|
| 952 |
f |
f |
|p ric
|a Texas A&M University
|b Rellis Campus
|c Joint Library Facility
|d Remote Storage
|t 0
|e PS3505.A3113 M54 1962
|h Library of Congress classification
|i unmediated -- volume
|m A14801231075
|
| 998 |
f |
f |
|a PS3505.A3113 M54 1962
|t 0
|l Remote Storage
|